Soma raporu (Record no. 6474)

MARC details
000 -BAŞLIK
Sabit Uzunlukta Kontrol Alanı 00609na a2200205 4500
001 - KONTROL NUMARASI
Denetim Alanı 20440
003 - KONTROL NUMARASI IDENTIFIER
Denetim Alanı MIRAKIL
005 - SON İŞLEM TARİHİ VE ZAMANI
Denetim Alanı 20181213155109.0
008 - SABİT-BOY VERİ ELEMANLARI - GENEL BİLGİLER
Sabit Uzunlukta Kontrol Alanı 170120b tu 000 0
040 ## - KATALOGLAMA KAYNAK
Orijinal Kataloglama Ajansı Milas
Kataloglama Dili tur
Metne Dönüştürmek Ajansı TR-AnCHP
041 ## - DİL KODU
Metin / Ses Parça Veya Ayrı Başlığın Dil Kodu tur
082 ## - DEWEY ONLU SINIFLANDIRMA NUMARASI
Sınıflandırma Numarası 622. 6
Ürün Numarası S25 2014
090 ## - SINIFLAMA NUMARASI
Sınıflama Numarası 622. 6 S25 2014
245 ## - BAŞLIK TABLOSU
Başlık Soma raporu
Sorumluluk Tablosu, Vb hazırlayanlar Abdulvahap Mete, ...[ve öte.]
260 ## - YAYIN, DAĞITIM, VB
Yayın, Dağıtım, Vb Yeri [y. y.]
Yayıncı, Dağıtıcı, Vs Adı MGV Yayınları
Yayın, Dağıtım, Vb Tarihi 2014
Üretici Firma Anıl Grup Matbaacılık
300 ## - FİZİKSEL TANIM
Kapsam 60 s.
Diğer Fiziksel Ayrıntıları tbl.
Boyutlar 20 sm.
650 ## - KONU KATMA GİRİŞ - TOPİKAL DÖNEM
Topikal Süreli Veya Coğrafi Ad Giriş Elemanı Soma (Manisa)
Genel Alt Bölümü Maden kazaları
Kronolojik Alt Bölümü Raporlar
650 ## - KONU KATMA GİRİŞ - TOPİKAL DÖNEM
Topikal Süreli Veya Coğrafi Ad Giriş Elemanı Maden kazaları
Genel Alt Bölümü Soma ( Manisa)
942 ## - EKLENDİ GİRİŞ ELEMANLARI (KOHA)
Sınıflandırma Veya Raf Düzeni Kaynak Dewey Decimal Classification
Koha Öğesi Türü Books
999 ## - SİSTEM KONTROL NUMARALARI (KOHA)
Koha Biblionumber 6474
Koha Biblioitemnumber 6474
Holdings
Kalıcı Konum Mevcut Konum Edinme Tarihi Edinim Kaynak Toplam Check-Out'Lar Tam Çağrı Numarası Barkod Tarih Son Görülme İtibaren Geçerli Fiyatlar Koha Öğesi Türü
CHP Kütüphanesi CHP Kütüphanesi 01/20/2017 Bağış   622. 6 S25 2014 012035 01/20/2017 01/20/2017 Books